000 00300nam a2200109Ia 4500
008 200302s9999 xx 000 0 und d
100 _aGeorge Baird
245 _aSustainable Buildings in Practice What the Users Think
260 _bRoutledge Taylor & Francis Group
260 _c2010
300 _a335 P.,
999 _c2809
_d2809